Účtovné zásady a ich aplikácia v súčasnom účtovníctve diplomová práca

Gespeichert in:
Bibliographische Detailangaben
1. Verfasser: Chlebková, Barbora
Körperschaft: Fakulta hospodárskej informatiky EU. Katedra účtovníctva a audítorstva
Weitere Verfasser: Pakšiová, Renáta, 1974-
Format: Buch
Sprache:Slowakisch
Veröffentlicht: Bratislava 2012
Tags: Tag hinzufügen
Keine Tags, Fügen Sie das erste Tag hinzu!

MARC

LEADER 00000nbm a2200000 4500
001 0154769
005 20161109102143.6
041 0 |a slo 
044 |a SK 
245 1 0 |a Účtovné zásady a ich aplikácia v súčasnom účtovníctve  |b diplomová práca  |c Barbora Chlebková ; školiteľ: Renáta Pakšiová 
264 1 |a Bratislava  |c 2012 
300 |a 75 s. 
100 1 |a Chlebková, Barbora 
700 1 |a Pakšiová, Renáta, 1974- 
710 2 |a Fakulta hospodárskej informatiky EU. Katedra účtovníctva a audítorstva